[Event "Titled Tuesday intern op 12th Mar Late"]
[Site "Chess.com INT"]
[Date "2024.03.12"]
[Round "6"]
[White "Garcia Molina, Jose"]
[Black "Glashausser, Sho"]
[Result "0-1"]
[WhiteElo "2212"]
[BlackElo "1993"]
[PlyCount "124"]
[EventDate "2024.03.12"]
[EventType "swiss (blitz)"]
[EventRounds "11"]
[EventCountry "USA"]
[SourceTitle "CB12_2024"]
[SourceDate "2023.10.01"]
[SourceVersion "1"]
[SourceVersionDate "2023.10.01"]
[SourceQuality "1"]

1. Nc3 d5 2. d4 Nf6 3. Bf4 c5 4. e3 cxd4 5. exd4 a6 6. Nf3 Nc6 7. Be2 Bg4 8. Be3 e6 9. 0-0 Bd6 10. Qd2 Qc7 11. h3 Bh5 12. a3 0-0 13. b4 Rfc8 14. Rab1 Nxb4 15. axb4 Qxc3 16. Qd1 Qxc2 17. Qxc2 Rxc2 18. Bd3 Rc3 19. Be2 Rac8 20. b5 a5 21. Bd2 Rc2 22. Bd3 Bxf3 23. Bxc2 Rxc2 24. gxf3 Rxd2 25. Rfc1 g6 26. Rc8+ Kg7 27. Rd8 Bf4 28. Kg2 Rxd4 29. Ra1 a4 30. Ra8 Rb4 31. R8xa4 Rxa4 32. Rxa4 g5 33. Ra7 d4 34. Rxb7 d3 35. Kf1 Nd5 36. Ra7 d2 37. Ra1 Nc3 38. b6 d1Q+ 39. Rxd1 Nxd1 40. b7 Nc3 41. Ke1 Kf6 42. Kf1 Ke7 43. Ke1 Kd7 44. Kf1 Kc7 45. h4 Kxb7 46. hxg5 Bxg5 47. Kg2 Bf4 48. Kh3 Nd5 49. Kg4 f5+ 50. Kh5 Kc6 51. Kh4 Kd6 52. Kh5 Ke5 53. Kh4 Kf6 54. Kh5 Nc7 55. Kh4 Ne8 56. Kh5 Ng7+ 57. Kh4 Kg6 58. Kh3 Bd6 59. Kh4 e5 60. Kh3 Kg5 61. Kg3 e4+ 62. Kg2 exf3+ 0-1

[Event "Titled Tuesday intern op 12th Mar Early"]
[Site "Chess.com INT"]
[Date "2024.03.12"]
[Round "7"]
[White "Glashausser, Sho"]
[Black "Dias, Paulo Jorge Guimara"]
[Result "0-1"]
[WhiteElo "1993"]
[BlackElo "2308"]
[PlyCount "64"]
[EventDate "2024.03.12"]
[EventType "swiss (blitz)"]
[EventRounds "11"]
[EventCountry "USA"]
[SourceTitle "CB12_2024"]
[SourceDate "2023.10.01"]
[SourceVersion "1"]
[SourceVersionDate "2023.10.01"]
[SourceQuality "1"]

1. Nf3 g6 2. d4 Nf6 3. g3 Bg7 4. Bg2 0-0 5. 0-0 d5 6. b3 c6 7. Bb2 a5 8. c4 Ne4 9. Nbd2 Bf5 10. Nxe4 Bxe4 11. Ne5 Bxg2 12. Kxg2 e6 13. Rc1 a4 14. e3 Nd7 15. Nxd7 Qxd7 16. b4 dxc4 17. Qf3 b5 18. a3 f5 19. Bc3 Qd5 20. Rfd1 Rfe8 21. Rd2 Rad8 22. Rcd1 Kf7 23. e4 Qxe4 24. Qxe4 fxe4 25. Re1 e5 26. Rxe4 exd4 27. Rf4+ Kg8 28. Bxd4 h5 29. Be3 Rxd2 30. Bxd2 Re2 31. Be3 Bh6 32. Rf6 Bxe3 0-1

[Event "Titled Tuesday intern op 12th Mar Late"]
[Site "Chess.com INT"]
[Date "2024.03.12"]
[Round "5"]
[White "Glashausser, Sho"]
[Black "Khader, Aram"]
[Result "0-1"]
[WhiteElo "1993"]
[BlackElo "2108"]
[PlyCount "58"]
[EventDate "2024.03.12"]
[EventType "swiss (blitz)"]
[EventRounds "11"]
[EventCountry "USA"]
[SourceTitle "CB12_2024"]
[SourceDate "2023.10.01"]
[SourceVersion "1"]
[SourceVersionDate "2023.10.01"]
[SourceQuality "1"]

1. d4 d5 2. Nf3 Nf6 3. e3 c5 4. dxc5 Nc6 5. a3 e5 6. b4 e4 7. Nd4 Ne5 8. Bb2 Be7 9. Nd2 0-0 10. Be2 a5 11. h3 b6 12. N4b3 Ng6 13. cxb6 axb4 14. axb4 Rxa1 15. Qxa1 Qxb6 16. c3 Nh4 17. 0-0 Nd7 18. c4 Qg6 19. g3 dxc4 20. Nxc4 Bxb4 21. Bxg7 Qxg7 22. Qxg7+ Kxg7 23. gxh4 Ba6 24. Rc1 Nf6 25. Bf1 Rb8 26. Ncd2 Bxf1 27. Kxf1 Rb5 28. Nd4 Bxd2 29. Rd1 Rb2 0-1

[Event "Titled Tuesday intern op 12th Mar Late"]
[Site "Chess.com INT"]
[Date "2024.03.12"]
[Round "8"]
[White "Indricans, Olgerts"]
[Black "Glashausser, Sho"]
[Result "0-1"]
[WhiteElo "2178"]
[BlackElo "1993"]
[PlyCount "116"]
[EventDate "2024.03.12"]
[EventType "swiss (blitz)"]
[EventRounds "11"]
[EventCountry "USA"]
[SourceTitle "CB12_2024"]
[SourceDate "2023.10.01"]
[SourceVersion "1"]
[SourceVersionDate "2023.10.01"]
[SourceQuality "1"]

1. e4 e6 2. d4 d5 3. exd5 exd5 4. Nf3 Bd6 5. Bd3 Ne7 6. Nc3 c6 7. h3 Bf5 8. 0-0 0-0 9. Re1 Bxd3 10. Qxd3 Nd7 11. Ne5 Ng6 12. f4 Re8 13. Qf5 f6 14. Nxd7 Rxe1+ 15. Kf2 Re7 16. Nc5 Bxc5 17. dxc5 Qd7 18. Qd3 Rae8 19. Bd2 d4 20. Nd1 Re2+ 21. Qxe2 Rxe2+ 22. Kxe2 Qe7+ 23. Kd3 Qxc5 24. c4 Qd6 25. g3 c5 26. Nf2 Qe6 27. g4 Qb6 28. b3 Qc6 29. Ne4 Qc7 30. Rf1 b6 31. a4 Ne7 32. f5 Nc6 33. Bf4 Ne5+ 34. Bxe5 Qxe5 35. Rf3 Qh2 36. Nf2 Qg2 37. Ke2 Qg1 38. Kd3 Qb1+ 39. Kd2 Qb2+ 40. Ke1 Qc1+ 41. Nd1 Kf7 42. a5 bxa5 43. Rf2 Qb1 44. Rf3 d3 45. Kd2 Qc2+ 46. Ke3 Qe2+ 47. Kf4 Qxd1 48. Re3 Qc1 49. Kf3 Qf1+ 50. Ke4 d2 51. Rd3 Qxd3+ 52. Kxd3 d1Q+ 53. Kc3 Qc1+ 54. Kd3 Qb2 55. b4 Qb3+ 56. Ke4 Qxc4+ 57. Kf3 cxb4 58. g5 fxg5 0-1

[Event "Titled Tuesday intern op 12th Mar Late"]
[Site "Chess.com INT"]
[Date "2024.03.12"]
[Round "1"]
[White "Shapiro, Viktor"]
[Black "Glashausser, Sho"]
[Result "1-0"]
[WhiteElo "2113"]
[BlackElo "1993"]
[PlyCount "87"]
[EventDate "2024.03.12"]
[EventType "swiss (blitz)"]
[EventRounds "11"]
[EventCountry "USA"]
[SourceTitle "CB12_2024"]
[SourceDate "2023.10.01"]
[SourceVersion "1"]
[SourceVersionDate "2023.10.01"]
[SourceQuality "1"]

1. c4 e6 2. Nf3 b6 3. g3 Bb7 4. Bg2 f5 5. 0-0 Nf6 6. Nc3 Bb4 7. Qb3 Nc6 8. a3 Bxc3 9. Qxc3 0-0 10. b4 Ne4 11. Qc2 a5 12. d3 Nf6 13. b5 Ne7 14. Bb2 Qe8 15. a4 Qh5 16. c5 Rac8 17. Rac1 f4 18. Qd2 fxg3 19. fxg3 bxc5 20. e4 d6 21. Qxa5 Ng4 22. Qd2 Ng6 23. h3 N4e5 24. Ng5 Nxd3 25. Nxe6 Nxc1 26. Nxf8 Ne2+ 27. Kh2 Rxf8 28. Rxf8+ Nxf8 29. a5 Nd4 30. a6 Ba8 31. Bxd4 cxd4 32. Qa5 d3 33. a7 Qe2 34. Qa4 d2 35. Qa2+ Kh8 36. Qf7 h6 37. Qxf8+ Kh7 38. Qf5+ Kh8 39. Qc8+ Kh7 40. Qxa8 d1Q 41. Qf8 Qdd2 42. Qf5+ g6 43. Qf7+ Kh8 44. a8Q# 1-0

[Event "Titled Tuesday intern op 16th Jan Early"]
[Site "Chess.com INT"]
[Date "2024.01.16"]
[Round "7"]
[White "Krzywda, Andrzej"]
[Black "Glashausser, Sho"]
[Result "1-0"]
[WhiteElo "2234"]
[BlackElo "1973"]
[PlyCount "71"]
[EventDate "2024.01.16"]
[EventType "swiss (blitz)"]
[EventRounds "11"]
[EventCountry "USA"]
[SourceTitle "CB04_2024"]
[SourceDate "2023.10.16"]
[SourceVersion "1"]
[SourceVersionDate "2023.10.16"]
[SourceQuality "1"]

1. e4 c6 2. d4 d5 3. exd5 cxd5 4. Bd3 Nc6 5. c3 Nf6 6. Bf4 Bg4 7. Qb3 Qd7 8. Nd2 e6 9. Ngf3 Bd6 10. Bxd6 Qxd6 11. 0-0 0-0 12. Rae1 Bh5 13. Ne5 Bg6 14. Bxg6 hxg6 15. Qxb7 Ne7 16. Qb3 Rab8 17. Qc2 Rfc8 18. Re3 Nf5 19. Rh3 Nxd4 20. Qd3 Nf5 21. Rh8+ Kxh8 22. Nxf7+ Kg8 23. Nxd6 Nxd6 24. Qxg6 Rxb2 25. Nf3 Rxc3 26. Ng5 Re2 27. Rb1 Rc8 28. h4 Rec2 29. Nxe6 Nde8 30. Nxg7 Nxg7 31. Qxf6 Rf8 32. Qg5 Rfxf2 33. Qxd5+ Kh7 34. Qe4+ Kh6 35. Qe3+ Kh7 36. Qxf2 1-0

[Event "Titled Tuesday intern op 09th Jan Early"]
[Site "Chess.com INT"]
[Date "2024.01.09"]
[Round "4"]
[White "Glashausser, Sho"]
[Black "Szczepanek, Radoslaw"]
[Result "0-1"]
[WhiteElo "1973"]
[BlackElo "2205"]
[PlyCount "54"]
[EventDate "2024.01.09"]
[EventType "swiss (blitz)"]
[EventRounds "11"]
[EventCountry "USA"]
[SourceTitle "CB03_2024"]
[SourceDate "2024.01.17"]
[SourceVersion "1"]
[SourceVersionDate "2024.01.17"]
[SourceQuality "1"]

1. Nf3 c5 2. Nc3 d5 3. d4 cxd4 4. Qxd4 Nf6 5. e4 e6 6. exd5 exd5 7. Bb5+ Nc6 8. 0-0 Be7 9. Bg5 0-0 10. Qd3 Be6 11. Rad1 Qb6 12. Be3 Qc7 13. Nd4 Ng4 14. g3 Nxe3 15. Qxe3 Nxd4 16. Qxd4 a6 17. Bd3 Rad8 18. Rfe1 Bf6 19. Qa4 Bxc3 20. bxc3 Qxc3 21. Qh4 h6 22. Re3 d4 23. Rxe6 fxe6 24. Qe4 Rf6 25. Qh7+ Kf8 26. Kg2 Qc6+ 27. Kg1 Qf3 0-1

[Event "Titled Tuesday intern op 09th Jan Early"]
[Site "Chess.com INT"]
[Date "2024.01.09"]
[Round "6"]
[White "Luukkonen, Tommi"]
[Black "Glashausser, Sho"]
[Result "1-0"]
[WhiteElo "2323"]
[BlackElo "1973"]
[PlyCount "73"]
[EventDate "2024.01.09"]
[EventType "swiss (blitz)"]
[EventRounds "11"]
[EventCountry "USA"]
[SourceTitle "CB03_2024"]
[SourceDate "2024.01.17"]
[SourceVersion "1"]
[SourceVersionDate "2024.01.17"]
[SourceQuality "1"]

1. d4 e6 2. c4 f5 3. g3 Nf6 4. Bg2 d5 5. Nf3 Be7 6. 0-0 Ne4 7. Qc2 c6 8. Ne5 Nd7 9. Nc3 Nxe5 10. dxe5 0-0 11. Rd1 Bc5 12. Bxe4 fxe4 13. Nxe4 Be7 14. c5 Qe8 15. Nd6 Qh5 16. f3 Qxe5 17. Bf4 Rxf4 18. gxf4 Qxf4 19. Qd2 Qh4 20. Qe1 Qh6 21. Qg3 Bd7 22. Nxb7 Rf8 23. Nd6 Bh4 24. Qg4 Qe3+ 25. Kh1 Rf4 26. Qg2 Qxc5 27. Ne4 Qe7 28. Ng3 e5 29. Rg1 Kh8 30. Nh5 Rf7 31. e4 g6 32. Ng3 d4 33. Qe2 c5 34. b3 Qe8 35. Rad1 Bb5 36. Qg2 a5 37. Qh3 1-0

[Event "Titled Tuesday intern op 22nd Aug Late"]
[Site "Chess.com INT"]
[Date "2023.08.22"]
[Round "8"]
[White "Glashausser, Sho"]
[Black "Marin, Sebastian"]
[Result "0-1"]
[WhiteElo "1969"]
[BlackElo "2294"]
[PlyCount "48"]
[EventDate "2023.08.22"]
[EventType "swiss (blitz)"]
[EventRounds "11"]
[EventCountry "USA"]
[SourceTitle "EXT 2024"]
[Source "ChessBase"]
[SourceDate "2023.10.10"]
[SourceVersion "1"]
[SourceVersionDate "2023.10.10"]
[SourceQuality "1"]

1. Nf3 d5 2. g3 Nc6 3. d4 Bf5 4. Bg2 Qd7 5. c3 h5 6. Bf4 0-0-0 7. b4 f6 8. b5 Na5 9. Qa4 b6 10. Nbd2 a6 11. c4 dxc4 12. Nxc4 Qxb5 13. Rc1 Nxc4 14. Rxc4 Qxa4 15. Rxc7+ Kb8 16. Rxe7+ Kc8 17. Rc7+ Kb8 18. Rd7+ Kc8 19. Rc7+ Kb8 20. Rc4+ Bd6 21. Bxd6+ Rxd6 22. Rxa4 b5 23. Kd2 bxa4 24. Rb1+ Kc8 0-1

[Event "Titled Tuesday intern op 22nd Aug Early"]
[Site "Chess.com INT"]
[Date "2023.08.22"]
[Round "4"]
[White "Glashausser, Sho"]
[Black "Serban, Cristian Stefan"]
[Result "0-1"]
[WhiteElo "1969"]
[BlackElo "2275"]
[PlyCount "74"]
[EventDate "2023.08.22"]
[EventType "swiss (blitz)"]
[EventRounds "11"]
[EventCountry "USA"]
[SourceTitle "EXT 2024"]
[Source "ChessBase"]
[SourceDate "2023.10.10"]
[SourceVersion "1"]
[SourceVersionDate "2023.10.10"]
[SourceQuality "1"]

1. Nf3 Nf6 2. g3 b5 3. Bg2 Bb7 4. 0-0 e6 5. d3 c5 6. a4 a6 7. e4 d6 8. Nc3 b4 9. Ne2 a5 10. h3 Nbd7 11. Be3 Be7 12. Nd2 0-0 13. f4 d5 14. e5 Ne8 15. d4 Ba6 16. Kh1 cxd4 17. Bxd4 Rc8 18. Rg1 Bxe2 19. Qxe2 Rxc2 20. Qd3 Rc8 21. g4 Bc5 22. Nf3 Qb6 23. Rad1 Bxd4 24. Nxd4 Nc5 25. Qg3 Nxa4 26. f5 Nxb2 27. fxe6 fxe6 28. Rd2 Nc4 29. Rd3 Nc7 30. Nf3 b3 31. Ng5 b2 32. Qh4 Qxg1+ 33. Kxg1 b1Q+ 34. Kh2 Qxd3 35. Be4 Qxe4 36. Nxe4 dxe4 37. Qe7 e3 0-1

[Event "Titled Tuesday intern op 22nd Aug Early"]
[Site "Chess.com INT"]
[Date "2023.08.22"]
[Round "11"]
[White "Korol, Dimitry"]
[Black "Glashausser, Sho"]
[Result "1-0"]
[WhiteElo "2287"]
[BlackElo "1969"]
[PlyCount "79"]
[EventDate "2023.08.22"]
[EventType "swiss (blitz)"]
[EventRounds "11"]
[EventCountry "USA"]
[SourceTitle "EXT 2024"]
[Source "ChessBase"]
[SourceDate "2023.10.10"]
[SourceVersion "1"]
[SourceVersionDate "2023.10.10"]
[SourceQuality "1"]

1. d4 e6 2. c4 f5 3. Nc3 Nf6 4. g3 Bb4 5. Qc2 0-0 6. Bg2 Nc6 7. Nf3 d5 8. 0-0 Ne4 9. a3 Bxc3 10. bxc3 dxc4 11. Nd2 Nxd2 12. Bxd2 Na5 13. Bf4 c6 14. Rab1 b5 15. a4 a6 16. axb5 axb5 17. Rxb5 cxb5 18. Bxa8 Bb7 19. Bxb7 Nxb7 20. Rb1 Qa5 21. Qb2 Nd8 22. Bd6 Rf7 23. Qxb5 Qxb5 24. Rxb5 Rd7 25. Be5 Nc6 26. Rc5 Nxe5 27. Rxe5 Kf7 28. Rc5 Kf6 29. Rxc4 Ra7 30. e3 Ra2 31. Kg2 Rc2 32. Rc6 g5 33. c4 Ke7 34. c5 Kd7 35. Rd6+ Ke7 36. Ra6 h5 37. h3 Kd7 38. Ra7+ Kc6 39. Rg7 g4 40. h4 1-0

[Event "Titled Tuesday intern op 22nd Aug Early"]
[Site "Chess.com INT"]
[Date "2023.08.22"]
[Round "8"]
[White "Mrudul, Dehankar"]
[Black "Glashausser, Sho"]
[Result "1-0"]
[WhiteElo "2059"]
[BlackElo "1969"]
[PlyCount "77"]
[EventDate "2023.08.22"]
[EventType "swiss (blitz)"]
[EventRounds "11"]
[EventCountry "USA"]
[SourceTitle "EXT 2024"]
[Source "ChessBase"]
[SourceDate "2023.10.10"]
[SourceVersion "1"]
[SourceVersionDate "2023.10.10"]
[SourceQuality "1"]

1. e4 b6 2. d4 Bb7 3. Bd3 g6 4. Nf3 Bg7 5. c3 d6 6. 0-0 Nd7 7. Re1 e6 8. Nbd2 Ne7 9. Nf1 0-0 10. Ng3 c5 11. h4 h6 12. Be3 Nf6 13. Nh2 e5 14. Qf3 Nh7 15. Ng4 h5 16. Nh6+ Bxh6 17. Bxh6 Re8 18. Bc4 d5 19. exd5 Bxd5 20. Bxd5 Qxd5 21. Ne4 f5 22. Nd2 Qxf3 23. Nxf3 e4 24. Ne5 cxd4 25. cxd4 Nf6 26. Rac1 Rac8 27. Bg5 Ned5 28. Nxg6 Ng4 29. f3 Rxc1 30. Rxc1 Nge3 31. Re1 Nc2 32. Rd1 e3 33. Rc1 e2 34. Bd2 Nxd4 35. Kf2 Kf7 36. Nf4 Nxf4 37. Bxf4 Nc2 38. Bd2 Nb4 39. Bxb4 1-0

[Event "Titled Tuesday intern op 15th Aug Late"]
[Site "Chess.com INT"]
[Date "2023.08.15"]
[Round "9"]
[White "Glashausser, Sho"]
[Black "Thake, Conrad"]
[Result "1-0"]
[WhiteElo "1969"]
[BlackElo "1778"]
[PlyCount "63"]
[EventDate "2023.08.15"]
[EventType "swiss (blitz)"]
[EventRounds "11"]
[EventCountry "USA"]
[SourceTitle "EXT 2024"]
[Source "ChessBase"]
[SourceDate "2023.10.10"]
[SourceVersion "1"]
[SourceVersionDate "2023.10.10"]
[SourceQuality "1"]

1. Nf3 e6 2. b3 f5 3. Bb2 Nf6 4. e3 Be7 5. c4 0-0 6. Nc3 d6 7. Be2 Qe8 8. 0-0 b6 9. d4 Bb7 10. Ne1 Nbd7 11. Bf3 Ne4 12. g3 Ndf6 13. Bg2 g5 14. Ne2 Qg6 15. f3 d5 16. fxe4 dxe4 17. Nc3 Ng4 18. Qd2 f4 19. exf4 e3 20. Qe2 Bxg2 21. Nxg2 Qh5 22. Nxe3 Nf6 23. Qxh5 Nxh5 24. fxg5 Bxg5 25. Ng4 Rfd8 26. Ne4 Be7 27. Rad1 Ng7 28. Ngf6+ Bxf6 29. Nxf6+ Kh8 30. d5 exd5 31. Nh5 Rg8 32. Rf7 1-0

[Event "Titled Tuesday intern op 15th Aug Late"]
[Site "Chess.com INT"]
[Date "2023.08.15"]
[Round "5"]
[White "Glashausser, Sho"]
[Black "Vifleemskaia, Svetlana"]
[Result "0-1"]
[WhiteElo "1969"]
[BlackElo "1903"]
[PlyCount "96"]
[EventDate "2023.08.15"]
[EventType "swiss (blitz)"]
[EventRounds "11"]
[EventCountry "USA"]
[SourceTitle "EXT 2024"]
[Source "ChessBase"]
[SourceDate "2023.10.10"]
[SourceVersion "1"]
[SourceVersionDate "2023.10.10"]
[SourceQuality "1"]

1. Nf3 Nf6 2. b3 g6 3. Bb2 Bg7 4. d4 0-0 5. e3 d6 6. Be2 a5 7. a4 Nbd7 8. 0-0 e5 9. dxe5 Ng4 10. Nc3 Ndxe5 11. Nxe5 Nxe5 12. f4 Nc6 13. Bf3 Re8 14. Qd2 f5 15. Rae1 Be6 16. Nd1 Qe7 17. Bxg7 Qxg7 18. Nc3 Rad8 19. Nb5 Re7 20. Bxc6 bxc6 21. Nd4 Bd5 22. Qxa5 Rde8 23. Qd2 Be4 24. b4 Ra8 25. a5 Qf7 26. Qc3 Qd5 27. Rf2 c5 28. bxc5 Qxc5 29. Qxc5 dxc5 30. Nb3 c4 31. Nd2 Rxa5 32. Nxc4 Rc5 33. Ne5 Rxc2 34. Rxc2 Bxc2 35. Rc1 Be4 36. Kf2 g5 37. g3 Kg7 38. Rc5 Kf6 39. Nf3 Bxf3 40. Kxf3 g4+ 41. Kf2 Rd7 42. Rc6+ Kg7 43. Ke2 h5 44. Rc5 Rf7 45. Rc6 Kf8 46. Rh6 Ke7 47. Rxh5 Rf6 48. Rh7+ Kd6 0-1

[Event "Titled Tuesday intern op 15th Aug Late"]
[Site "Chess.com INT"]
[Date "2023.08.15"]
[Round "8"]
[White "Juergens, Vera"]
[Black "Glashausser, Sho"]
[Result "1/2-1/2"]
[WhiteElo "2270"]
[BlackElo "1969"]
[PlyCount "206"]
[EventDate "2023.08.15"]
[EventType "swiss (blitz)"]
[EventRounds "11"]
[EventCountry "USA"]
[SourceTitle "EXT 2024"]
[Source "ChessBase"]
[SourceDate "2023.10.10"]
[SourceVersion "1"]
[SourceVersionDate "2023.10.10"]
[SourceQuality "1"]

1. d4 f5 2. g4 fxg4 3. h3 d5 4. hxg4 Bxg4 5. Bg2 Nf6 6. Nc3 e6 7. Bg5 Be7 8. Qd2 Nc6 9. 0-0-0 Qd7 10. Nf3 0-0-0 11. Kb1 Bf5 12. Bf4 Bb4 13. Ne5 Nxe5 14. Bxe5 Qc6 15. a3 Bxc3 16. Qxc3 Qxc3 17. bxc3 Rd7 18. Rdg1 Bg6 19. Bh3 Re7 20. Bxe6+ Rxe6 21. Rxg6 Rg8 22. Rg2 Ne4 23. Rxh7 Nxc3+ 24. Kb2 Nxe2 25. f4 Rb6+ 26. Ka1 Nc3 27. Rg1 Ne2 28. Re1 Nc3 29. Rh3 Ne4 30. Rg1 g5 31. Rh7 Rc6 32. Kb2 g4 33. f5 Nf6 34. Rf7 Nd7 35. Rg3 b6 36. Rh7 Rg5 37. Rh8+ Kb7 38. Rh4 Rxf5 39. Rhxg4 Nxe5 40. dxe5 Rxe5 41. Rg2 Re3 42. Rd4 Rcc3 43. Rxd5 Rxa3 44. Rg7 Rac3 45. Rd4 Rc6 46. Rd2 Rec3 47. Rgd7 R3c5 48. R7d3 Rb5+ 49. Kc1 Rc4 50. Re2 Ra5 51. Kd2 Ra2 52. Kd1 Ra1+ 53. Kd2 Ra2 54. Kc1 a5 55. Kb1 Raa4 56. Rb3 Rab4 57. Ka2 Rxb3 58. cxb3 Rc5 59. Rd2 Ka6 60. Rd4 c6 61. Rf4 b5 62. Rf8 Kb6 63. Rb8+ Ka7 64. Rf8 Rc2+ 65. Kb1 Rc3 66. Rf7+ Kb6 67. Kb2 Rh3 68. Rf8 b4 69. Rf5 c5 70. Rf6+ Kb5 71. Rf8 Rh2+ 72. Kb1 a4 73. Rb8+ Kc6 74. bxa4 Kd5 75. Rc8 Kc4 76. a5 Kb3 77. Kc1 c4 78. a6 c3 79. Kd1 Rh1+ 80. Ke2 Ra1 81. Rc6 c2 82. Kd2 Ra2 83. Kc1 Ra1+ 84. Kd2 Ra5 85. Rxc2 Rd5+ 86. Kc1 Ra5 87. Rb2+ Kc4 88. Rc2+ Kb5 89. Rb2 Rxa6 90. Kc2 Ra3 91. Kb1 Rg3 92. Re2 Ka4 93. Kb2 Rf3 94. Rd2 Rb3+ 95. Kc2 Ra3 96. Kb2 Rh3 97. Re2 Rh4 98. Rd2 Rh3 99. Rf2 Rb3+ 100. Ka2 Ra3+ 101. Kb2 Rb3+ 102. Kc2 Ra3 103. Kb2 Rb3+ 1/2-1/2

[Event "Titled Tuesday intern op 15th Aug Early"]
[Site "Chess.com INT"]
[Date "2023.08.15"]
[Round "1"]
[White "Postlmayer, Jakob"]
[Black "Glashausser, Sho"]
[Result "1-0"]
[WhiteElo "2347"]
[BlackElo "1969"]
[PlyCount "57"]
[EventDate "2023.08.15"]
[EventType "swiss (blitz)"]
[EventRounds "11"]
[EventCountry "USA"]
[SourceTitle "EXT 2024"]
[Source "ChessBase"]
[SourceDate "2023.10.10"]
[SourceVersion "1"]
[SourceVersionDate "2023.10.10"]
[SourceQuality "1"]

1. d4 d5 2. c4 dxc4 3. e3 Nf6 4. Bxc4 e6 5. Nf3 c5 6. 0-0 a6 7. Nbd2 Nbd7 8. b3 Be7 9. dxc5 Nxc5 10. Bb2 0-0 11. Nd4 e5 12. N4f3 e4 13. Nd4 Bg4 14. Be2 Nd3 15. Bxg4 Nxb2 16. Qe2 Nxg4 17. Qxg4 f5 18. Nxf5 Rxf5 19. Qxf5 Qxd2 20. Qe6+ Kf8 21. Qxe4 Bf6 22. Qxb7 Rd8 23. Rac1 Nd3 24. Rc8 Ne5 25. h3 Rxc8 26. Qxc8+ Kf7 27. Qxa6 Qc3 28. Rd1 Nd3 29. Qxd3 1-0

[Event "Titled Tuesday intern op 15th Aug Early"]
[Site "Chess.com INT"]
[Date "2023.08.15"]
[Round "4"]
[White "Topalov, Aleksandar"]
[Black "Glashausser, Sho"]
[Result "1-0"]
[WhiteElo "2233"]
[BlackElo "1969"]
[PlyCount "59"]
[EventDate "2023.08.15"]
[EventType "swiss (blitz)"]
[EventRounds "11"]
[EventCountry "USA"]
[SourceTitle "EXT 2024"]
[Source "ChessBase"]
[SourceDate "2023.10.10"]
[SourceVersion "1"]
[SourceVersionDate "2023.10.10"]
[SourceQuality "1"]

1. b3 f5 2. Bb2 Nf6 3. Bxf6 exf6 4. c4 b6 5. Nc3 Bb7 6. e3 Nc6 7. Nge2 Ne5 8. d4 Nf7 9. a3 h5 10. Nf4 h4 11. Ng6 Rh6 12. Nxf8 Kxf8 13. h3 g5 14. Nd5 Bxd5 15. cxd5 Nd6 16. Bd3 Qe7 17. Rc1 f4 18. Qf3 Re8 19. Rxc7 fxe3 20. 0-0 exf2+ 21. Qxf2 Qe3 22. Rxd7 Qxf2+ 23. Rxf2 Ne4 24. Bxe4 Rxe4 25. Rc2 Ke8 26. Rxa7 Kd8 27. Rc6 Rxd4 28. Rxb6 Kc8 29. d6 Rh8 30. Ra8+ 1-0

[Event "US op 123nd"]
[Site "Grand Rapids"]
[Date "2023.08.06"]
[Round "9"]
[White "Ladan, Nicholas John"]
[Black "Glashausser, Sho"]
[Result "1/2-1/2"]
[WhiteElo "2218"]
[BlackElo "1969"]
[PlyCount "144"]
[EventDate "2023.07.29"]
[EventType "swiss"]
[EventRounds "9"]
[EventCountry "USA"]
[SourceTitle "CBM 215 Extra"]
[Source "ChessBase"]
[SourceDate "2023.09.30"]
[SourceVersion "1"]
[SourceVersionDate "2023.09.30"]
[SourceQuality "1"]

1. d4 d5 2. Nf3 Nf6 3. Bf4 e6 4. e3 c5 5. Nbd2 Bd6 6. c3 cxd4 7. Bxd6 dxc3 8. Ba3 cxd2+ 9. Nxd2 Nc6 10. Bb5 Bd7 11. 0-0 Ne7 12. Bd3 Bc6 13. Nf3 0-0 14. Ne5 Re8 15. Rc1 Rc8 16. b4 Ng6 17. Nxc6 Rxc6 18. Qa4 Rxc1 19. Rxc1 Qb8 20. b5 Ne5 21. Be2 Nfd7 22. Qd4 Nb6 23. Bb2 f6 24. e4 Nec4 25. exd5 Nxb2 26. d6 Rd8 27. Qxb2 Qxd6 28. g3 Qe7 29. Bf3 Nc8 30. Qb3 Kf8 31. Re1 e5 32. Bd5 Nd6 33. Rc1 Nf5 34. Kg2 Nd4 35. Qc4 g6 36. a4 b6 37. h4 h5 38. Rc3 Qd7 39. Be4 f5 40. Bc6 Qe7 41. Re3 Qd6 42. Qc1 Kg7 43. a5 Rc8 44. axb6 axb6 45. Qa1 Nxc6 46. bxc6 Qxc6+ 47. Kh2 Re8 48. Rxe5 Rxe5 49. Qxe5+ Kf7 50. f3 b5 51. g4 fxg4 52. fxg4 Qc2+ 53. Kh1 Qd1+ 54. Kh2 Qd2+ 55. Kh1 hxg4 56. Qxb5 Qe1+ 57. Kg2 Qe4+ 58. Kg1 Qe3+ 59. Kg2 Qf3+ 60. Kg1 Qg3+ 61. Kf1 Qxh4 62. Qd7+ Kf8 63. Qc8+ Kg7 64. Qc7+ Kh6 65. Qf4+ Kg7 66. Qc7+ Kh6 67. Qf4+ Qg5 68. Qf8+ Kh5 69. Qh8+ Qh6 70. Qe5+ Qg5 71. Qh2+ Qh4 72. Qe5+ Qg5 1/2-1/2